Principles of Analog Electronics (Record no. 5883)

MARC details
000 -LEADER
fixed length control field 00507nam a22001937a 4500
003 - CONTROL NUMBER IDENTIFIER
control field OSt
005 - DATE AND TIME OF LATEST TRANSACTION
control field 20250925020003.0
008 - FIXED-LENGTH DATA ELEMENTS--GENERAL INFORMATION
fixed length control field 171127b xxu||||| |||| 00| 0 eng d
020 ## - INTERNATIONAL STANDARD BOOK NUMBER
International Standard Book Number 9781466582019
040 ## - CATALOGING SOURCE
Transcribing agency DDC
082 ## - DEWEY DECIMAL CLASSIFICATION NUMBER
Classification number 621.38 SAG 2014
100 ## - MAIN ENTRY--PERSONAL NAME
Personal name Saggio, Giovanni
9 (RLIN) 12257
245 ## - TITLE STATEMENT
Title Principles of Analog Electronics
260 ## - PUBLICATION, DISTRIBUTION, ETC. (IMPRINT)
Place of publication, distribution, etc. Boca Raton; CRC Press, 2014
300 ## - PHYSICAL DESCRIPTION
Extent xix,547p; col.ill:26cm
504 ## - BIBLIOGRAPHY, ETC. NOTE
Bibliography, etc Index included
650 ## - SUBJECT ADDED ENTRY--TOPICAL TERM
Topical term or geographic name as entry element Electronics Analog
9 (RLIN) 12258
942 ## - ADDED ENTRY ELEMENTS (KOHA)
Source of classification or shelving scheme Other/Generic Classification Scheme
Koha item type Book Bank
Koha issues (borrowed), all copies 1
Holdings
Withdrawn status Lost status Source of classification or shelving scheme Damaged status Not for loan Home library Current library Date acquired Source of acquisition Inventory number Total Checkouts Full call number Barcode Date last seen Koha item type Date last checked out
    Dewey Decimal Classification     MUST Main Library MUST Main Library 27/11/2017 Purchase 17/40382   621.38 SAG 2014 2017-0907 27/11/2017 Open Shelf  
    Dewey Decimal Classification     MUST Main Library MUST Main Library 27/11/2017 Purchase 17/40383   621.38 SAG 2014 2017-0908 27/11/2017 Open Shelf  
    Dewey Decimal Classification     MUST Main Library MUST Main Library 27/11/2017 Purchase 17/40346 1 621.38 SAG 2014 2017-0909 13/10/2025 Open Shelf 24/09/2025